LEADER 00969nam0-2200337---450- 001 990009910530403321 005 20141106144307.0 010 $a978-88-6288-218-7 035 $a000991053 035 $aFED01000991053 035 $a(Aleph)000991053FED01 035 $a000991053 100 $a20141024d2014----km-y0itay50------ba 101 0 $aita 102 $aIT 105 $aa-------001yy 200 1 $aStoria dell'esercito italiano$e1861-1940$fJohn Whittam 210 $aBologna$cOdoya$d2014 215 $a309 p.$cill.$d21 cm 225 1 $aOdoya library$v136 454 0$12001$a<>politics of the Italian army$948019 610 0 $aEsercito italiano$aStoria$a1861-1940 676 $a355.30945$v21$zita 700 1$aWhittam,$bJohn$0242598 801 0$aIT$bUNINA$gREICAT$2UNIMARC 901 $aBK 912 $a990009910530403321 952 $aXIV B 2499$b51779$fFSPBC 959 $aFSPBC 996 $aPolitics of the Italian army$948019 997 $aUNINA LEADER 00922nam0-22003131i-450 001 990001793000403321 005 20190529131430.0 035 $a000179300 035 $aFED01000179300 035 $a(Aleph)000179300FED01 035 $a000179300 100 $a20030910f199.----km-y0itay50------ba 101 0 $aita 102 $aIT 105 $ay-------001yy 200 1 $a<>luffa nelle regioni mediterranee$emanuale di coltivazione e prima trasformazione$fNicola Dimitri 210 $aMilano$cVELA$d[199.] 215 $a56 p.$d23 cm 300 $aProgetto dimostrativo n. 92.IT.06.001 - Regolamento CEE n. 4256/88, art. 8 610 0 $aLuffe 676 $a583.46 702 1$aDimitri,$bNicola 801 0$aIT$bUNINA$gRICA$2UNIMARC 901 $aLG 912 $a990001793000403321 952 $a60 OP. 137/5$b5501$fFAGBC 959 $aFAGBC 996 $aLuffa nelle regioni mediterranee$9408377 997 $aUNINA